00598nam a2200181Ia 4500003000400000005001700004008004100021040000900062082002000071100002500091245003100116260004500147300000800192650002000200942004600220952013300266999001700399OSt20201224110245.0190216s9999||||xx |||||||||||||| ||und|| coclc a894.8123bPOT/K aPottekkat, S K92068 0aKarampoo /cS K Pottekkatt bPoorna Publications,c1996.a Kozhikode: a68p aMalayalam Novel cBK2ddch894.8123iPOT/Kk894.8123mPOT/K 00102ddc40708FICaMESbMEScMALd2019-02-20g20.00l0o894.8123 POT/Kp28889r2019-02-20 00:00:00t2w2019-02-20yBKzGR27R3 c27440d27440